|
|
|
|
| LEADER |
02217nam a2200577 4500 |
| 001 |
ocn913957676 |
| 003 |
OCoLC |
| 005 |
20170124072037.3 |
| 006 |
m o d |
| 007 |
cr ||||||||||| |
| 008 |
150715s2016 enk ob 001 0 eng |
| 010 |
|
|
|a 2015027792
|
| 040 |
|
|
|a DLC
|b eng
|e rda
|c DLC
|d YDX
|d OCLCF
|d DG1
|d N$T
|d YDXCP
|d COO
|d IDEBK
|d CDX
|d DEBBG
|d KSU
|d GrThAP
|
| 019 |
|
|
|a 957613627
|a 957737811
|a 958097689
|a 958393436
|
| 020 |
|
|
|a 9781118508299 (ePub)
|
| 020 |
|
|
|a 1118508297 (ePub)
|
| 020 |
|
|
|a 9781118508268 (Adobe PDF)
|
| 020 |
|
|
|a 1118508262 (Adobe PDF)
|
| 020 |
|
|
|z 9781118508312 (cloth)
|
| 020 |
|
|
|a 9781118508275
|
| 020 |
|
|
|a 1118508270
|
| 020 |
|
|
|a 1118508319 (cloth)
|
| 020 |
|
|
|a 9781118508312 (cloth)
|
| 029 |
1 |
|
|a NZ1
|b 16307935
|
| 029 |
1 |
|
|a GBVCP
|b 845212834
|
| 029 |
1 |
|
|a DEBBG
|b BV043397946
|
| 035 |
|
|
|a (OCoLC)913957676
|z (OCoLC)957613627
|z (OCoLC)957737811
|z (OCoLC)958097689
|z (OCoLC)958393436
|
| 042 |
|
|
|a pcc
|
| 050 |
0 |
0 |
|a BF698.9.P47
|
| 072 |
|
7 |
|a PSY
|x 029000
|2 bisacsh
|
| 082 |
0 |
0 |
|a 150.19/85
|2 23
|
| 049 |
|
|
|a MAIN
|
| 245 |
0 |
4 |
|a The Wiley handbook of personal construct psychology /
|c David A. Winter and Nick Reed.
|
| 264 |
|
1 |
|a Chichester, West Sussex, UK ;
|a Malden, MA :
|b John Wiley & Sons,
|c 2016.
|
| 300 |
|
|
|a 1 online resource.
|
| 336 |
|
|
|a text
|2 rdacontent
|
| 337 |
|
|
|a computer
|2 rdamedia
|
| 338 |
|
|
|a online resource
|2 rdacarrier
|
| 504 |
|
|
|a Includes bibliographical references and index.
|
| 588 |
|
|
|a Description based on print version record and CIP data provided by publisher.
|
| 650 |
|
0 |
|a Personal construct theory.
|
| 650 |
|
0 |
|a Personal construct therapy.
|
| 650 |
|
7 |
|a Personal construct theory.
|2 fast
|0 (OCoLC)fst01058574
|
| 650 |
|
7 |
|a Personal construct therapy.
|2 fast
|0 (OCoLC)fst01058577
|
| 650 |
|
7 |
|a PSYCHOLOGY / Reference
|2 bisacsh
|
| 655 |
|
4 |
|a Electronic books.
|
| 700 |
1 |
|
|a Winter, David A.,
|d 1950-
|e editor.
|
| 700 |
1 |
|
|a Reed, Nick,
|e editor.
|
| 776 |
0 |
8 |
|i Print version:
|t Wiley handbook of personal construct psychology
|d Chichester, West Sussex, UK : John Wiley & Sons, 2016
|z 9781118508312
|w (DLC) 2015026555
|
| 856 |
4 |
0 |
|u https://doi.org/10.1002/9781118508275
|z Full Text via HEAL-Link
|
| 994 |
|
|
|a 92
|b DG1
|